Central Library OPAC University of Rajshahi

A short history of socialist economic thought / (Record no. 43053)

MARC details
000 -LEADER
fixed length control field 00801nam a2200253 a 4500
001 - CONTROL NUMBER
control field 43053
003 - CONTROL NUMBER IDENTIFIER
rucl marc code BD-RjUL
005 - DATE AND TIME OF LATEST TRANSACTION
control field 20211209053635.0
008 - FIXED-LENGTH DATA ELEMENTS--GENERAL INFORMATION
fixed length control field 160619s19791978enk b 001 0 eng d
020 ## - INTERNATIONAL STANDARD BOOK NUMBER
International Standard Book Number 0713159766
International Standard Book Number 0713159774 :
035 ## - SYSTEM CONTROL NUMBER
System control number (BD-RjUL)43171
040 ## - CATALOGING SOURCE
Original cataloging agency WLU
Transcribing agency WLU
Modifying agency m.c
-- BD-RjUL
Language of cataloging eng
041 1# - LANGUAGE CODE
Language code of text/sound track or separate title eng
082 ## - DEWEY DECIMAL CLASSIFICATION NUMBER
Edition number 23
Classification number 330.9
Author mark and year HAS 1979
100 1# - MAIN ENTRY--PERSONAL NAME
Personal name Hardach, Gerd
Dates associated with a name 1941-
9 (RLIN) 132208
245 12 - TITLE STATEMENT
Title A short history of socialist economic thought /
Statement of responsibility, etc. Gerd Hardach, Dieter Karras, in association with Ben Fine ; translated by James Wickham
260 ## - PUBLICATION, DISTRIBUTION, ETC. (IMPRINT)
Place of publication, distribution, etc. London :
Name of publisher, distributor, etc. Edward Arnold,
Date of publication, distribution, etc. c1979
300 ## - PHYSICAL DESCRIPTION
Pagination xv, 101 p. ;
Size 23 cm
650 #0 - SUBJECT ADDED ENTRY--TOPICAL TERM
Topical term or geographic name as entry element Marxian economics
General subdivision History
9 (RLIN) 132209
700 1# - ADDED ENTRY--PERSONAL NAME
Personal name Karras, Dieter,
Dates associated with a name 1945-
Personal name Fine, Ben.
942 ## - ADDED ENTRY ELEMENTS (KOHA)
Source of classification or shelving scheme Dewey Decimal Classification
Koha item type Books
Holdings
Lost status Source of classification or shelving scheme Damaged status Not for loan Collection code Permanent Location Current Location Shelving location Date acquired Source of acquisition Cost, normal purchase price Total Checkouts Full call number Date last seen Copy number Koha item type
  Dewey Decimal Classification     Non-fiction Central Library, University of Rajshahi Central Library, University of Rajshahi   27/04/1985 Tulip 65.00   330.9 HAS 1979 19/06/2016 C-2 Books
  Dewey Decimal Classification     Non-fiction Central Library, University of Rajshahi Central Library, University of Rajshahi   27/04/1985 Tulip 65.00   330.9 HAS 1979 19/06/2016 C-3 Books
  Dewey Decimal Classification     Non-fiction Central Library, University of Rajshahi Central Library, University of Rajshahi   27/04/1985 Tulip 65.00   330.9 HAS 1979 19/06/2016 C-4 Books
  Dewey Decimal Classification     Non-fiction Central Library, University of Rajshahi Central Library, University of Rajshahi   27/04/1985 Tulip 65.00   330.9 HAS 1979 19/06/2016 C-5 Books
  Dewey Decimal Classification     Non-fiction Central Library, University of Rajshahi Central Library, University of Rajshahi   27/04/1985 Tulip 65.00   330.9 HAS 1979 19/06/2016 C-6 Books